Paroles - Elle est d'ailleurs - Pierre Bachelet - Statistiques

Statistiques générales
  • Ce quiz a été pris 421 fois
    415 depuis la dernière actualisation
  • Le résultat moyen est 137 sur 168
Statistiques - réponses
Paroles % Correct
Elle
99%
elle
99%
a
98%
à
98%
A
98%
ce
98%
Ce
98%
d'ailleurs
98%
de
97%
De
97%
est
97%
ces
96%
moi
96%
moi"
96%
je
94%
sûr,
93%
c'est
92%
Et
92%
et
92%
ma
92%
le
91%
Pour
91%
pour
91%
suis
91%
en
90%
esclavage
90%
visage
90%
lui
89%
se
89%
sourire,
89%
dis
87%
"Emmène-
87%
les
87%
Les
87%
Qui
87%
tombé
87%
son
86%
ne
85%
des
83%
Mais
83%
va
83%
s'en
82%
si
81%
tous
81%
yeux
81%
par
80%
pas
80%
prêt
80%
ou
77%
Quand
76%
ses
76%
au
75%
rendent
74%
rivages
74%
amoureux
73%
coeur
73%
d'autres
73%
répond
73%
sont
73%
manière
72%
sans
72%
Vers
72%
boucher
71%
chez
71%
fond
70%
valeur
69%
passe
68%
sillages
68%
lieux,
67%
mots
67%
rien
67%
dans
66%
dire
66%
hauteur
65%
aveugles
63%
geste
63%
manières
63%
sais
62%
souvenirs
62%
Cette
61%
chien
61%
arrive
57%
bête
57%
lumières
56%
traverser
55%
gestes
53%
mains
52%
parfum
52%
penche
51%
dentellière
50%
d'un
49%
l'âme
47%
bout
45%
parlent
42%
persiennes
42%
lointaine
40%
Vermeer
40%
longues
39%
damner
38%
silhouette
36%
vénitienne
33%
Aucun quiz correspondant
Distribution des résultats
% des personnes avec chaque résultat
Percentile par nombre de réponses
Votre historique - résultats
Vous n’avez pas pris ce quiz depuis la dernière actualisation